<?xml version='1.0' encoding='UTF-8'?>
  <record xmlns="http://www.loc.gov/MARC21/slim">
    <leader>00000cam a2200000 i 4500</leader>
    <controlfield tag="001">ocm66643484</controlfield>
    <controlfield tag="003">OCoLC</controlfield>
    <controlfield tag="005">20251216195855.8</controlfield>
    <controlfield tag="008">050211s1559    sz            000 0 lat d</controlfield>
    <datafield tag="040" ind1=" " ind2=" ">
      <subfield code="a">NLGGC</subfield>
      <subfield code="b">eng</subfield>
      <subfield code="e">rda</subfield>
      <subfield code="e">dcrmr</subfield>
      <subfield code="c">NLGGC</subfield>
      <subfield code="d">DEBBG</subfield>
      <subfield code="d">OCLCQ</subfield>
      <subfield code="d">OCLCL</subfield>
      <subfield code="d">QGJ</subfield>
      <subfield code="d">OCLCQ</subfield>
      <subfield code="d">OCLCL</subfield>
      <subfield code="d">OCLCO</subfield>
      <subfield code="d">QGJ</subfield>
      <subfield code="d">OCLCO</subfield>
    </datafield>
    <datafield tag="024" ind1="7" ind2=" ">
      <subfield code="a">urn:nbn:de:bvb:12-bsb10310313-5</subfield>
      <subfield code="2">urn</subfield>
    </datafield>
    <datafield tag="024" ind1="8" ind2=" ">
      <subfield code="a">VD16 B 6096</subfield>
    </datafield>
    <datafield tag="024" ind1="7" ind2=" ">
      <subfield code="a">urn:nbn:de:bvb:12-bsb11275153-0</subfield>
      <subfield code="2">urn</subfield>
    </datafield>
    <datafield tag="029" ind1="0" ind2=" ">
      <subfield code="a">NLGGC</subfield>
      <subfield code="b">271632798</subfield>
    </datafield>
    <datafield tag="029" ind1="1" ind2=" ">
      <subfield code="a">DEBBG</subfield>
      <subfield code="b">BV009119285</subfield>
    </datafield>
    <datafield tag="029" ind1="1" ind2=" ">
      <subfield code="a">DEBBG</subfield>
      <subfield code="b">BV035288399</subfield>
    </datafield>
    <datafield tag="029" ind1="1" ind2=" ">
      <subfield code="a">GEBAY</subfield>
      <subfield code="b">11061824</subfield>
    </datafield>
    <datafield tag="035" ind1=" " ind2=" ">
      <subfield code="a">(OCoLC)66643484</subfield>
    </datafield>
    <datafield tag="100" ind1="1" ind2=" ">
      <subfield code="a">Bodenstein, Adam von,</subfield>
      <subfield code="d">1528-1577.</subfield>
      <subfield code="1">https://id.oclc.org/worldcat/entity/E39PBJmy49jYYVWkDDH883r8YP</subfield>
    </datafield>
    <datafield tag="245" ind1="1" ind2="0">
      <subfield code="a">Isagoge in excellentissimi Philosophi Arnoldi de Villa Nova, Rosarium Chymicum, /</subfield>
      <subfield code="c">per Adamum à Bodenstein artium &amp; medicinae Doctorem, paraphrasticè &amp; magna diligentia tradita. ; Epistola operi praefixa ad Amplissimos &amp; generosos dominos, dominos Fuggeros, in qua argumenta Alchymiam infirmantia &amp; confirmantia adducū[n]tur, quibus &amp; eam artem esse certissimam demonstratur, lapisq[ue] uerè inuentus ostenditur.</subfield>
    </datafield>
    <datafield tag="264" ind1=" " ind2="1">
      <subfield code="a">Basileae, :</subfield>
      <subfield code="b">Per Gabrielem Ringysen,</subfield>
      <subfield code="c">Anno 1559.</subfield>
    </datafield>
    <datafield tag="300" ind1=" " ind2=" ">
      <subfield code="a">62, [2], 71, [1] pages ;</subfield>
      <subfield code="c">15 cm (8vo)</subfield>
    </datafield>
    <datafield tag="336" ind1=" " ind2=" ">
      <subfield code="a">text</subfield>
      <subfield code="b">txt</subfield>
      <subfield code="2">rdacontent</subfield>
    </datafield>
    <datafield tag="337" ind1=" " ind2=" ">
      <subfield code="a">unmediated</subfield>
      <subfield code="b">n</subfield>
      <subfield code="2">rdamedia</subfield>
    </datafield>
    <datafield tag="338" ind1=" " ind2=" ">
      <subfield code="a">volume</subfield>
      <subfield code="b">nc</subfield>
      <subfield code="2">rdacarrier</subfield>
    </datafield>
    <datafield tag="340" ind1=" " ind2=" ">
      <subfield code="m">8vo</subfield>
      <subfield code="2">rdabf</subfield>
    </datafield>
    <datafield tag="500" ind1=" " ind2=" ">
      <subfield code="a">Publication statement from colophon.</subfield>
    </datafield>
    <datafield tag="500" ind1=" " ind2=" ">
      <subfield code="a">Printer's device on final page.</subfield>
    </datafield>
    <datafield tag="500" ind1=" " ind2=" ">
      <subfield code="a">Initials.</subfield>
    </datafield>
    <datafield tag="500" ind1=" " ind2=" ">
      <subfield code="a">List of errata on page [63] of first section.</subfield>
    </datafield>
    <datafield tag="500" ind1=" " ind2=" ">
      <subfield code="a">Signatures: a-d⁸ A-D⁸ E⁴; a1v, d7r, d8v are blank.</subfield>
    </datafield>
    <datafield tag="500" ind1=" " ind2=" ">
      <subfield code="a">Edition of paraphrase of Rosarium chymicum erroneously attributed to Arnaldus de Villanova.</subfield>
    </datafield>
    <datafield tag="510" ind1="4" ind2=" ">
      <subfield code="a">Verzeichnis der im deutschen Sprachbereich erschienenen Drucke des XVI. Jahrhunderts (VD 16),</subfield>
      <subfield code="c">B 6096</subfield>
      <subfield code="u">https://gateway-bayern.de/VD16+B+6096</subfield>
    </datafield>
    <datafield tag="510" ind1="4" ind2=" ">
      <subfield code="3">Bodenstein, Adam von, Epistola ad amplissimos et generosos dominos, dominos Fuggeros, in qua argumenta alchymiam infirmantia et confirmantia adducuntur:</subfield>
      <subfield code="a">Verzeichnis der im deutschen Sprachbereich erschienenen Drucke des XVI. Jahrhunderts (VD 16),</subfield>
      <subfield code="c">B 6095</subfield>
      <subfield code="u">https://gateway-bayern.de/VD16+B+6095</subfield>
    </datafield>
    <datafield tag="600" ind1="0" ind2="0">
      <subfield code="a">Arnaldus,</subfield>
      <subfield code="c">de Villanova,</subfield>
      <subfield code="d">-1311.</subfield>
    </datafield>
    <datafield tag="650" ind1=" " ind2="0">
      <subfield code="a">Alchemy</subfield>
      <subfield code="v">Early works to 1800.</subfield>
    </datafield>
    <datafield tag="650" ind1=" " ind2="0">
      <subfield code="a">Chemistry</subfield>
      <subfield code="v">Early works to 1800.</subfield>
    </datafield>
    <datafield tag="650" ind1=" " ind2="0">
      <subfield code="a">Medicine</subfield>
      <subfield code="v">Early works to 1800.</subfield>
    </datafield>
    <datafield tag="650" ind1=" " ind2="6">
      <subfield code="a">Alchimie</subfield>
      <subfield code="v">Ouvrages avant 1800.</subfield>
    </datafield>
    <datafield tag="650" ind1=" " ind2="6">
      <subfield code="a">Chimie</subfield>
      <subfield code="v">Ouvrages avant 1800.</subfield>
    </datafield>
    <datafield tag="650" ind1=" " ind2="6">
      <subfield code="a">Médecine</subfield>
      <subfield code="v">Ouvrages avant 1800.</subfield>
    </datafield>
    <datafield tag="650" ind1=" " ind2="7">
      <subfield code="a">Alchemy</subfield>
      <subfield code="2">fast</subfield>
    </datafield>
    <datafield tag="650" ind1=" " ind2="7">
      <subfield code="a">Chemistry</subfield>
      <subfield code="2">fast</subfield>
    </datafield>
    <datafield tag="650" ind1=" " ind2="7">
      <subfield code="a">Medicine</subfield>
      <subfield code="2">fast</subfield>
    </datafield>
    <datafield tag="655" ind1=" " ind2="7">
      <subfield code="a">Early works</subfield>
      <subfield code="2">fast</subfield>
    </datafield>
    <datafield tag="700" ind1="1" ind2=" ">
      <subfield code="i">Container of (work):</subfield>
      <subfield code="a">Bodenstein, Adam von,</subfield>
      <subfield code="d">1528-1577.</subfield>
      <subfield code="t">Epistola ad amplissimos et generosos dominos, dominos Fuggeros, in qua argumenta alchymiam infirmantia et confirmantia adducuntur.</subfield>
    </datafield>
    <datafield tag="700" ind1="1" ind2=" ">
      <subfield code="a">Fugger, Anton,</subfield>
      <subfield code="d">1493-1560,</subfield>
      <subfield code="e">addressee.</subfield>
      <subfield code="4">rcp</subfield>
      <subfield code="1">https://id.oclc.org/worldcat/entity/E39PBJkD8hM9Vp9GdthjhtCG73</subfield>
    </datafield>
    <datafield tag="700" ind1="1" ind2=" ">
      <subfield code="a">Fugger, Johann Jakob,</subfield>
      <subfield code="d">1516-1575,</subfield>
      <subfield code="e">addressee.</subfield>
      <subfield code="4">rcp</subfield>
      <subfield code="1">https://id.oclc.org/worldcat/entity/E39PBJhXbMjpBX7HGG9KV77CQq</subfield>
    </datafield>
    <datafield tag="700" ind1="1" ind2=" ">
      <subfield code="a">Fugger, Georg,</subfield>
      <subfield code="d">1518-1569,</subfield>
      <subfield code="e">addressee.</subfield>
      <subfield code="4">rcp</subfield>
    </datafield>
    <datafield tag="700" ind1="1" ind2=" ">
      <subfield code="a">Fugger, Ulricus,</subfield>
      <subfield code="d">1526-1584,</subfield>
      <subfield code="e">addressee.</subfield>
      <subfield code="4">rcp</subfield>
      <subfield code="1">https://id.oclc.org/worldcat/entity/E39PCjCKv6mcRRDXf6KJtpDYvb</subfield>
    </datafield>
    <datafield tag="700" ind1="1" ind2=" ">
      <subfield code="a">Ringysen, Gabriel,</subfield>
      <subfield code="d">approximately 1520-1564,</subfield>
      <subfield code="e">printer.</subfield>
      <subfield code="4">prt</subfield>
    </datafield>
    <datafield tag="710" ind1="2" ind2=" ">
      <subfield code="a">Haeredes Andreae Cratandri,</subfield>
      <subfield code="e">printer.</subfield>
      <subfield code="4">prt</subfield>
      <subfield code="1">https://id.oclc.org/worldcat/entity/E39QH7JmqPcqxGxC8Bqr36d9PF</subfield>
    </datafield>
    <datafield tag="730" ind1="0" ind2="2">
      <subfield code="i">Paraphrase of (work):</subfield>
      <subfield code="a">Rosarium chymicum</subfield>
    </datafield>
    <datafield tag="752" ind1=" " ind2=" ">
      <subfield code="a">Switzerland</subfield>
      <subfield code="d">Basel,</subfield>
      <subfield code="e">publication place.</subfield>
      <subfield code="4">pup</subfield>
    </datafield>
    <datafield tag="758" ind1=" " ind2=" ">
      <subfield code="a">Isagoge in excellentissimi Philosophi Arnoldi de Villa Nova Rosarium chymicum (Text)</subfield>
      <subfield code="1">https://id.oclc.org/worldcat/entity/E39PD3thhvrQThf9yHGfMrkftq</subfield>
      <subfield code="4">https://id.oclc.org/worldcat/ontology/hasWork</subfield>
    </datafield>
    <datafield tag="856" ind1="4" ind2=" ">
      <subfield code="u">http://www.mdz-nbn-resolving.de/urn/resolver.pl?urn=urn:nbn:de:bvb:12-bsb10310313-5</subfield>
      <subfield code="x">Resolving-System</subfield>
      <subfield code="z">kostenfrei</subfield>
      <subfield code="3">Volltext // 2009 digitalisiert von: Bayerische Staatsbibliothek, München. Exemplar der Bayerischen Staatsbibliothek mit der Signatur: Alch. 50 s</subfield>
    </datafield>
    <datafield tag="856" ind1="4" ind2=" ">
      <subfield code="u">http://www.mdz-nbn-resolving.de/urn/resolver.pl?urn=urn:nbn:de:bvb:12-bsb11275153-0</subfield>
      <subfield code="x">Resolving-System</subfield>
      <subfield code="z">kostenfrei</subfield>
      <subfield code="3">Volltext // 2016 digitalisiert von: Bayerische Staatsbibliothek, München. Exemplar mit der Signatur: Augsburg, Staats- und Stadtbibliothek -- Phys 1746</subfield>
    </datafield>
    <datafield tag="936" ind1=" " ind2=" ">
      <subfield code="a">BATCHLOAD</subfield>
    </datafield>
  </record>